000 00298nam a22001337a 4500
008 180112b xxu||||| |||| 00| 0 eng d
020 _a39850033644736
041 _aeng
080 _a52
100 _a42
101 _aAST
245 _aThe new book of popular science
_cGROLIER
942 _2udc
_cBK
999 _c40218
_d40218